Welcome to the Holygrace Academy Library

Please use search bar below to get started

AWAKEN CHILDREN (Record no. 5781)

MARC details
000 -LEADER
fixed length control field 00291nam a22001217a 4500
082 ## - DEWEY DECIMAL CLASSIFICATION NUMBER
Classification number 920
Item number MAT/A
100 ## - MAIN ENTRY--AUTHOR NAME
Personal name MATA AMRITANANDAMAYI
245 ## - TITLE STATEMENT
Title AWAKEN CHILDREN
260 ## - PUBLICATION, DISTRIBUTION, ETC. (IMPRINT)
Place of publication INDIA
Name of publisher MATA AMRITANANDAMAYI MISSION TRUST
300 ## - PHYSICAL DESCRIPTION
Number of Pages 387
650 ## - SUBJECT ADDED ENTRY--TOPICAL TERM
Topical Term LIFE OF AMRITANANDAMAYI
Geographic subdivision USA
942 ## - ADDED ENTRY ELEMENTS (KOHA)
Koha item type Books
Holdings
Withdrawn status Lost status Collection code Home library Current library Shelving location Date acquired Source of acquisition Full call number Accession Number Koha item type
    Reference Main Library Main Library SHELF-17-I-BIOGRAPHIES & AUTOBIOGRAPHIES 24/05/2004 PURCHASE 920 MAT/A 01182 Books